Quiz sul Friuli-Venezia Giulia - Statistics

Statistiche generali
  • Questo quiz è stato fatto 2.282 volte
  • Il punteggio medio è 13 su 20
Statistiche sulle risposte
Definizioni Risposte % Corretto
Capoluogo di Regione Trieste
99%
Stati esteri con cui confina il Friuli-Venezia Giulia Austria
96%
Stati esteri con cui confina il Friuli-Venezia Giulia Slovenia
96%
Altre Province Udine
96%
Regione confinante Veneto
96%
Altre Province Pordenone
90%
Lo è il Friuli-Venezia Giulia come altre 5 regioni italiane Regione a {Statuto} {Speciale}
90%
Altre Province Gorizia
89%
San Daniele del Friuli è noto per la produzione di questo alimento DOP Prosciutto Crudo
82%
Castello alle porte del Capoluogo residenza dell'arciduca d'Austria Castello di {Miramare}
50%
Pseudonimo dello scrittore Aron Hector Schmitz Italo Svevo
49%
Fiume friulano più lungo che attraversa tutta la Regione Tagliamento
49%
Anno del terremoto che devastò la Regione 1976
47%
Località dalla caratteristica pianta poligonale a nove punte Palmanova
45%
Cittadina che subì un terribile assedio da parte di Attila nel 452 d.C Aquileia
40%
Allenatore della Nazionale di calcio campione del mondo nel 1982 Enzo Bearzot
37%
Cittadina sede di uno dei principali cantieri navali italiani Monfalcone
37%
Località dove si trova un sacrario ai caduti della Prima Guerra Mondiale Redipuglia
37%
Regione montuosa con Tolmezzo Carnia
36%
Il Capoluogo friulano è la provincia che in italia ne ha di meno Comuni (6)
33%
Nessun quiz corrispondente trovato
Distribuzione punteggi
Percentuale di utenti per punteggio
Percentile per numero di risposta
I tuoi punteggi nel tempo
Non hai fatto questo quiz